000
00320nam a22001337a 4500
008
170530b xxu||||| |||| 00| 0 eng d
020
_a
9780205790616
041
_a
eng
080
_2
6TH
_a
94(7/8)
100
_a
17
101
_a
SHH
245
_a
RACE AND ETHNICITY IN THE UNITED STATES
_c
SCHAEFER,R.T
942
_2
udc
_c
BK
999
_c
15092
_d
15092